Welcome to CU Library Online Public Access Catalogue (OPAC)

African regional trade agreements as legal regimes / (Record no. 129)

MARC details
000 -LEADER
fixed length control field 00847cam a2200241 a 4500
001 - CONTROL NUMBER
control field 16749437
005 - DATE AND TIME OF LATEST TRANSACTION
control field 20241023110608.0
008 - FIXED-LENGTH DATA ELEMENTS--GENERAL INFORMATION
fixed length control field 110425s2011 enk b 001 0 eng
020 ## - INTERNATIONAL STANDARD BOOK NUMBER
International Standard Book Number 9780521769839 (hardback)
020 ## - INTERNATIONAL STANDARD BOOK NUMBER
International Standard Book Number 0521769833 (hardback)
050 00 - LIBRARY OF CONGRESS CALL NUMBER
Classification number KQC947
Item number .G38 2011
082 00 - DEWEY DECIMAL CLASSIFICATION NUMBER
Classification number 343.6/087
Edition information 22
100 1# - MAIN ENTRY--PERSONAL NAME
Personal name Gathii, James Thuo.
245 10 - TITLE STATEMENT
Title African regional trade agreements as legal regimes /
Statement of responsibility, etc. James Thuo Gathii.
260 ## - PUBLICATION, DISTRIBUTION, ETC.
Place of publication, distribution, etc. Cambridge, UK ;
-- New York :
Name of publisher, distributor, etc. Cambridge University Press,
Date of publication, distribution, etc. 2011.
300 ## - PHYSICAL DESCRIPTION
Extent xxxii, 491 p. ;
Dimensions 24 cm.
Other physical details Bibliography, Index
650 #0 - SUBJECT ADDED ENTRY--TOPICAL TERM
Topical term or geographic name entry element Foreign trade regulation
Geographic subdivision Africa.
650 #0 - SUBJECT ADDED ENTRY--TOPICAL TERM
Topical term or geographic name entry element Monetary unions
Geographic subdivision Africa.
650 #0 - SUBJECT ADDED ENTRY--TOPICAL TERM
Topical term or geographic name entry element Foreign trade regulation.
650 #0 - SUBJECT ADDED ENTRY--TOPICAL TERM
Topical term or geographic name entry element Free trade.
856 42 - ELECTRONIC LOCATION AND ACCESS
Materials specified Cover image
Uniform Resource Identifier <a href="http://assets.cambridge.org/97805217/69839/cover/9780521769839.jpg">http://assets.cambridge.org/97805217/69839/cover/9780521769839.jpg</a>
942 ## - ADDED ENTRY ELEMENTS (KOHA)
Source of classification or shelving scheme Library of Congress Classification
Koha item type Books
Suppress in OPAC No
999 ## -
-- 129
-- 129
Holdings
Withdrawn status Lost status Source of classification or shelving scheme Damaged status Not for loan Collection Home library Current library Shelving location Date acquired Total checkouts Full call number Barcode Date last seen Copy number Price effective from Koha item type
    Library of Congress Classification     Non-fiction Law Library (Miotso) Law Library (Miotso) Reference 10/22/2024   KQC947.G38 GAT llm00000205 10/23/2024 1 10/22/2024 Books
    Library of Congress Classification     Non-fiction Law Library (Miotso) Law Library (Miotso) Reference 11/09/2024   KQC947.G38 GAT LLM00000804 11/09/2024 2 11/09/2024 Books
© 2023-2024 Copyright: Central University Libraries. All Rights Reserved | Created by: Mahone Tech Office